Geológia a nerastné suroviny východného Slovenska /

Hlavní autor: Zorkovský, Vojtech, 1920-2011
Jazyk: Slovenština
Vydáno: Košice : Krajské nakladateľstvo všeobecnej literatúry, 1963
Vydání: 1. vyd.
Edice: Malá monografie východního Slovenska
Fyzický popis: 181 s. ; 8°
Language note: Německé a ruské resumé
Knihy
Uloženo v:
LEADER 00933nam a22002652a 4500
001 000959701
003 CZ BrMZK
005 20091209103125.0
007 ta
008 090807s1963 xo er|||||||||||slo d
040 |a ABA001  |b cze  |c ABA001  |d BOA001 
041 0 |a slo  |b ger  |b rus 
100 1 |a Zorkovský, Vojtech,  |d 1920-2011  |7 mzk2002139834  |4 aut 
245 1 0 |a Geológia a nerastné suroviny východného Slovenska /  |c Vojtech Zorkovský 
250 |a 1. vyd. 
260 |a Košice :  |b Krajské nakladateľstvo všeobecnej literatúry,  |c 1963 
300 |a 181 s. ;  |c 8° 
490 1 |a Malá monografia východného Slovenska ;  |v zv. 1, zoš. 1 
504 |a Obsahuje bibliografii 
546 |a Německé a ruské resumé 
830 0 |a Malá monografie východního Slovenska 
910 |a BOA001  |b 1-0501.647 
990 |a BK 
991 |b 200908 
996 7 |b 2619349151  |c 1-0501.647  |l MZK  |r Sklad / do 1 hodiny  |n 2  |w 001092692  |u 000010  |a 1  |e BOA001  |j MZK50  |s A